[Event "Petrov Mem Open"]
[Site "St Petersburg RUS"]
[Date "2002.02.12"]
[Round "1"]
[White "Goloshchapov,A"]
[Black "Torbin,K"]
[Result "1/2-1/2"]
[WhiteElo "2545"]
[BlackElo "2337"]

1.e4 c5 2.Nf3 Nc6 3.d4 cxd4 4.Nxd4 Qb6 5.Nb3 Nf6 6.Nc3 e6 7.Qe2 d6 8.g4 a6
9.g5 Nd7 10.Be3 Qc7 11.O-O-O Be7 12.f4 b5 13.Bg2 Bb7 14.Rhe1 O-O 15.h4 Na5
16.Kb1 Nc4 17.Qf2 Rfc8 18.Bc1 b4 19.Ne2 a5 20.Ned4 a4 21.Nd2 Nxd2+ 22.Qxd2 Bf8
23.h5 e5 24.fxe5 dxe5 25.Nb5 Qc5 26.Bf1 Nb6 27.g6 Bc6 28.gxf7+ Kh8 29.Qd3 Bxb5
30.Qxb5 Qxc2+ 31.Ka1 a3 32.Qxb6 axb2+ 33.Bxb2 Rxa2+ 34.Kxa2 Qa4+ 35.Kb1 Qc2+
36.Ka2 Qa4+ 37.Kb1 Qc2+  1/2-1/2

[Event "13th Asian Cities"]
[Site "Aden YEM"]
[Date "2002.02.13"]
[Round "9"]
[White "Joshi,GB"]
[Black "Ghorbani,M"]
[Result "1/2-1/2"]
[WhiteElo "2214"]
[BlackElo "2321"]

1.e4 c5 2.Nf3 Nc6 3.d4 cxd4 4.Nxd4 Qc7 5.Nc3 e6 6.Be3 a6 7.Bd3 Nf6 8.f4 Nxd4
9.e5 Nc6 10.exf6 gxf6 11.Qh5 Bb4 12.Qh6 f5 13.Qg7 Rf8 14.O-O-O Ne7 15.g3 Rg8
16.Qf6 Bxc3 17.Qxc3 Qxc3 18.bxc3 b5 19.c4 Bb7 20.Rhe1 bxc4 21.Bxc4 Rc8 22.Rd4 Nc6
23.Rd6 Nb4 24.Bb3 Be4 25.Re2 Rc6 26.Red2 Nd5 27.Rxc6 dxc6 28.Bc5 Nf6 29.Bc4 Bd5
30.Rd4 Ne4 31.Bxd5 cxd5 32.Rb4 Kd7 33.Bd4 Rc8 34.Rb6 Rc4 35.Bb2 Rc6 36.Rb8 Rc8
37.Rb7+ Rc7 38.Rb8 Rc8 39.Rb7+ Rc7 40.Rb8  1/2-1/2

[Event "Petrov Mem Open"]
[Site "St Petersburg RUS"]
[Date "2002.02.14"]
[Round "3"]
[White "Frolyanov,D"]
[Black "Looshnikov,N"]
[Result "1-0"]
[WhiteElo "2295"]
[BlackElo "2453"]

1.e4 c5 2.Nf3 Nc6 3.d4 cxd4 4.Nxd4 Qc7 5.Nc3 e6 6.g3 a6 7.Bg2 Nf6 8.O-O Nxd4
9.Qxd4 Bc5 10.Bf4 d6 11.Qd3 Ng4 12.Na4 e5 13.Bd2 Be6 14.Nxc5 dxc5 15.h3 Rd8
16.Qc3 Nf6 17.f4 Qd7 18.Be3 exf4 19.gxf4 Bxh3 20.Qe5+ Kf8 21.Qxc5+ Kg8 22.Rad1 Qxd1
23.Rxd1 Rxd1+ 24.Kh2 Bd7 25.Bf3 Rf1 26.Kg2 Rxf3 27.Kxf3 Bc6 28.Ke2 Nxe4 29.Qe7 h5
30.Qd8+ Kh7 31.Qh4 Kg6 32.Bd4 f6 33.Qh3 h4 34.f5+ Kf7 35.Qb3+ Kf8 36.Bb6 Rh5
37.Ba5 Rxf5 38.Bb4+ Ke8 39.Qg8+ Kd7 40.Qxg7+ Ke6 41.Qe7+ Kd5 42.Ke3 Re5 43.Qf7+ Re6
44.c4+ Ke5 45.Qh5+ Ng5 46.Qg4 Re8 47.Qxh4 Kf5+ 48.Kd3 Rd8+ 49.Kc3 Ne4+ 50.Kc2 Rd7
51.b3 Rg7 52.Qh3+ Ke5 53.Kb2 Rg3 54.Qh2 Ke6 55.Qh6 Rg2+ 56.Ka3 Rf2 57.Qg6 Ke5
58.Be1 Rf1 59.Qh5+ Rf5 60.Qh2+ Kd4 61.Qh3 Rg5 62.Bh4 Ra5+ 63.Kb2 Re5 64.Qf1 f5
65.Bd8 Re8 66.Bc7 Re7 67.Qg1+ Kd3 68.Bf4  1-0

[Event "ch-Serbia"]
[Site "Leskovac YUG"]
[Date "2002.02.15"]
[Round "1"]
[White "Djokic,Neb"]
[Black "Vojinovic,G"]
[Result "1-0"]
[WhiteElo "2239"]
[BlackElo "2456"]

1.e4 c5 2.Nf3 Nc6 3.d4 cxd4 4.Nxd4 Qc7 5.Nb5 Qb8 6.c4 Nf6 7.N1c3 e6 8.Be2 Bc5
9.O-O a6 10.Na3 h5 11.Nc2 b6 12.Be3 Ng4 13.Bxg4 hxg4 14.g3 Ne5 15.Bf4 Bb7
16.Bxe5 Qxe5 17.Qxg4 O-O-O 18.Ne1 f5 19.Qe2 fxe4 20.Nd3 Qf5 21.Nxc5 Qh3 22.f3 exf3
23.Qf2 Qg2+ 24.Qxg2 fxg2 25.Rfe1 bxc5 26.Ne4 Bc6 27.Nd6+ Kc7 28.Nf7 Rh5 29.Nxd8 Kxd8
30.Rad1 Ke7 31.Rd3 a5 32.Rde3 Kf6 33.R1e2 Rg5 34.h3 Rh5 35.g4 Rh8 36.Kh2 a4
37.Re1 Rb8 38.R1e2 Rh8 39.Re1 g5 40.R1e2 Kg6 41.Rxe6+ dxe6 42.Rxe6+ Kf7 43.Rxc6 Rxh3+
44.Kxg2 Rd3 45.Rxc5 Rd2+ 46.Kg3 Rxb2 47.Rxg5 Rxa2 48.Ra5 a3 49.Kf4 Ra1 50.Kg5 Rc1
51.Ra7+ Kf8 52.Kf6 Rf1+ 53.Kg6 Rc1 54.Ra8+ Ke7 55.Rxa3 Rxc4 56.g5 Rf4 57.Ra8  1-0

[Event "ch-Serbia w"]
[Site "Leskovac YUG"]
[Date "2002.02.20"]
[Round "6"]
[White "Mladenovic,J"]
[Black "Djuric,Ve"]
[Result "0-1"]
[WhiteElo "2122"]
[BlackElo "2094"]

1.e4 c5 2.Nf3 Nc6 3.d4 cxd4 4.Nxd4 Qc7 5.Nc3 e6 6.Be2 a6 7.O-O Nf6 8.Be3 Bb4
9.Nxc6 bxc6 10.Na4 O-O 11.f4 Be7 12.Nb6 Rb8 13.Nxc8 Qxc8 14.Bd3 Rxb2 15.e5 Nd5
16.Bd4 Rb8 17.f5 exf5 18.Bxf5 g6 19.c4 Nc7 20.Ba7 Rb4 21.Bxd7 Qb7 22.Be3 Rxc4
23.Rb1 Rb4 24.Rxb4 Qxb4 25.Bh6 Rd8 26.Qf3 Bc5+ 27.Kh1 Rxd7 28.Qxc6 Qb5 29.Qf6 Ne6
30.h3 Bf8 31.Be3 Bg7 32.Qf3 Qd5 33.Qf2 Bxe5 34.Qc2 Bc7 35.Bh6 Qd6 36.g4 Qd5+
37.Kg1 Qd3 38.Qb2 Qg3+ 39.Kh1 Qxh3+  0-1

[Event "ch-Serbia w"]
[Site "Leskovac YUG"]
[Date "2002.02.21"]
[Round "7"]
[White "Dimovska,A"]
[Black "Mladenovic,J"]
[Result "0-1"]
[WhiteElo "2105"]
[BlackElo "2122"]

1.e4 c5 2.Nf3 Nc6 3.d4 cxd4 4.Nxd4 Qc7 5.Nc3 e6 6.Nb3 Nf6 7.Bd3 a6 8.O-O b5
9.f4 d6 10.Be3 Be7 11.Qf3 O-O 12.g4 Bb7 13.g5 Nd7 14.Qh5 g6 15.Qh4 Rfe8 16.Rf3 b4
17.Rh3 h5 18.Be2 Kg7 19.Nd1 Rh8 20.Nf2 Rae8 21.Nh1 Bd8 22.Rf1 Ne7 23.Ng3 Kg8
24.Bxh5 gxh5 25.Nxh5 Ng6 26.Qg4 Qxc2 27.Bd4 Qxe4 28.Bxh8 Nxh8 29.Nf6+ Nxf6
30.gxf6+ Ng6 31.Qf3 Bb6+ 32.Kg2 Qc2+ 33.Rf2 Bxf3+  0-1

[Event "Open"]
[Site "Antalya TUR"]
[Date "2002.02.22"]
[Round "1"]
[White "Kemaloglu,Y"]
[Black "Djuric,S"]
[Result "0-1"]
[WhiteElo "2086"]
[BlackElo "2487"]

1.e4 c5 2.Nf3 Nc6 3.d4 cxd4 4.Nxd4 Qc7 5.Nc3 e6 6.Be3 a6 7.Be2 Nf6 8.O-O Bb4
9.Na4 Be7 10.c4 Rb8 11.c5 Nxe4 12.Qc2 Nf6 13.Rac1 Nd5 14.a3 Nxe3 15.fxe3 O-O
16.b4 Bg5 17.Qd3 Ne5 18.Qb3 d5 19.cxd6 Qxd6 20.Rfd1 Qd5 21.Qc3 Qe4 22.Nc2 b6
23.Rd4 Qg6 24.Qc7 Bb7 25.Bh5 Bxe3+ 26.Nxe3 Qxh5 27.Nxb6 Qg5 28.Kf2 Qf6+ 29.Ke2 Bf3+
30.Kd2 Bxg2 31.Nxg2 Nf3+ 32.Kd3 Qxd4+  0-1

[Event "ch-Serbia w"]
[Site "Leskovac YUG"]
[Date "2002.02.22"]
[Round "8"]
[White "Stojanovic,A"]
[Black "Djuric,Ve"]
[Result "1/2-1/2"]
[WhiteElo "2101"]
[BlackElo "2094"]

1.e4 c5 2.Nf3 Nc6 3.d4 cxd4 4.Nxd4 Qc7 5.Nc3 e6 6.Be2 a6 7.O-O Nf6 8.Kh1 h5
9.f4 Nxd4 10.Qxd4 b5 11.e5 Ng4 12.Bf3 Bb7 13.Bxb7 Qxb7 14.Ne4 Rc8 15.b3 Rxc2
16.Bd2 Be7 17.Rac1 Rxc1 18.Rxc1 O-O 19.b4 Rc8 20.Nc5 Bxc5 21.bxc5 Ra8 22.f5 Qe4
23.Qxd7 Qxe5 24.Qd6 Qxd6 25.cxd6 Rd8 26.fxe6 Rxd6 27.e7 Nf6 28.Bb4 Rd4 29.a3 Ne8
30.g3 f6 31.Rc6 Kf7 32.Rxa6 Nc7 33.Rb6 Rd5 34.Rb8 Ne8 35.Kg2 g5 36.h3 Rf5
37.g4 hxg4 38.hxg4 Rd5 39.Rd8 Re5 40.Kf3 Ng7 41.Rf8+ Kg6 42.Bc3 Re6 43.Bb2 Rxe7
44.Rxf6+ Kh7 45.Rb6 Ne6 46.Rxb5 Nf4 47.Rxg5 Nd3 48.Bd4 Ne1+ 49.Kg3 Nc2 50.Bc5 Re1
51.Rd5 Rc1 52.g5 Nxa3 53.Kg4 Nc4 54.Rd7+ Kg6 55.Bd4 Rg1+ 56.Kf4 Rg4+ 57.Kxg4 Ne5+
58.Bxe5  1/2-1/2

[Event "Open"]
[Site "Antalya TUR"]
[Date "2002.02.25"]
[Round "4"]
[White "Erdogdu,M"]
[Black "Ataman,A"]
[Result "1/2-1/2"]
[WhiteElo "2318"]
[BlackElo "2182"]

1.e4 c5 2.Nf3 Nc6 3.d4 cxd4 4.Nxd4 Qc7 5.Nc3 e6 6.Be3 a6 7.Qd2 Nf6 8.O-O-O Ng4
9.Bf4 e5 10.Nxc6 dxc6 11.Bg3 Be6 12.h3 Nf6 13.Qg5 Nd7 14.Be2 h6 15.Qd2 O-O-O
16.Kb1 Bb4 17.Nd5 Bxd2 18.Nxc7 Kxc7 19.Rxd2 f6 20.f3 Nc5 21.Be1 Bf7 22.Rxd8 Rxd8
23.g3 Ne6 24.a4 b6 25.Rf1 Nd4 26.Bd1 Bc4 27.Rh1 a5 28.Bf2 c5 29.Be3  1/2-1/2

[Event "Open"]
[Site "Antalya TUR"]
[Date "2002.02.26"]
[Round "5"]
[White "Atakisi,U"]
[Black "Ivanisevic,I"]
[Result "1/2-1/2"]
[WhiteElo "2311"]
[BlackElo "2540"]

1.e4 c5 2.Nf3 Nc6 3.d4 cxd4 4.Nxd4 Qc7 5.Nc3 e6 6.Be3 a6 7.Bd3 Nf6 8.O-O Ne5
9.h3 Bc5 10.Kh1 d6 11.f4 Ng6 12.f5 Ne5 13.Nce2 d5 14.fxe6 dxe4 15.Bb5+ axb5
16.Nxb5 Qb6 17.Bxc5 Qxc5 18.Nd6+ Kf8 19.Nxe4 Qe7 20.Nxf6 gxf6 21.exf7 Be6
22.Qd2 Kg7 23.Ng3 Qxf7 24.Rxf6 Kxf6 25.Rf1+ Kg6 26.Rxf7 Nxf7 27.Qd3+ Kf6
28.Qd4+ Ke7 29.Ne4 Ra6 30.Qf6+ Kf8 31.Nc5 Bc4 32.Nxa6 Bxa6 33.Qd4 h5 34.c4 Rh6
35.b4 b6 36.Qe4 Kg7 37.a4 Bc8 38.b5 Rd6 39.a5 bxa5 40.c5 Re6 41.Qa8 Re1+
42.Kh2 Bf5 43.Qf3 Re5 44.b6 Be4 45.Qc3 Bc6 46.Qb2 Bb7 47.c6 Bxc6 48.b7 Bxb7
49.Qxb7 Kg6 50.Qb6+ Kg7 51.Qd4 Kg6 52.Kg3 Rg5+ 53.Kf4 Rf5+ 54.Kg3 Rg5+ 55.Kh2 Nh6
56.Qd6+ Kh7 57.Qe7+ Kg6 58.Qe4+ Kg7 59.Qd4+ Kg6 60.Qe4+ Kg7 61.Qd4+  1/2-1/2

[Event "Anibal Open"]
[Site "Linares ESP"]
[Date "2002.03.01"]
[Round "1"]
[White "Castano,D"]
[Black "Magem Badals,J"]
[Result "1/2-1/2"]
[WhiteElo "2165"]
[BlackElo "2502"]

1.e4 c5 2.Nf3 Nc6 3.d4 cxd4 4.Nxd4 Qc7 5.g3 Qe5 6.Nf3 Qxe4+ 7.Be3 Nf6 8.Nc3 Qb4
9.a3 Qa5 10.b4 Qd8 11.b5 Na5 12.Bg2 e6 13.O-O Be7 14.Qd3 d5 15.Bd4 Nc4 16.Ne2 Bd7
17.a4 a6 18.Ne5 axb5 19.axb5 Bxb5 20.Qb3 Nd6 21.Rxa8 Qxa8 22.Ra1 Qc8 23.Nc3 Ba6
24.Qa4+ Nd7 25.Bxd5 exd5 26.Nxd5 Bd8 27.Nxd7 Bb5 28.Qb4 Kxd7 29.Be5 Qc6 30.Qg4+ Nf5
31.Qxf5+ Qe6 32.Qxe6+ Kxe6 33.Bxg7 Re8 34.Nf4+ Kf5 35.Rd1 Bc6 36.h3 Bb6 37.Nd5 Bc5
38.Nf4 Re4 39.c3 f6 40.Kf1 Bb5+ 41.Kg1 Bc6 42.Kf1 Bb5+ 43.Kg1  1/2-1/2

[Event "Anibal Open"]
[Site "Linares ESP"]
[Date "2002.03.03"]
[Round "3"]
[White "Colovic,A"]
[Black "Magem Badals,J"]
[Result "1-0"]
[WhiteElo "2364"]
[BlackElo "2502"]

1.e4 c5 2.Nf3 Nc6 3.d4 cxd4 4.Nxd4 Qc7 5.Nc3 e6 6.Be2 a6 7.Be3 Nf6 8.a3 b5
9.Nxc6 dxc6 10.f4 Bb7 11.e5 Rd8 12.Bd3 Nd7 13.Qg4 c5 14.O-O g6 15.Qh3 Be7
16.Rae1 b4 17.axb4 cxb4 18.Ne4 Bxe4 19.Bxe4 Nc5 20.Bxc5 Qxc5+ 21.Kh1 Rd2
22.Qg3 a5 23.b3 Qd4 24.Bd3 O-O 25.Re4 Qb2 26.Qe3 Rxc2 27.Bxc2 Qxc2 28.Rc4 Qa2
29.f5 gxf5 30.Rc7 Re8 31.Rfc1  1-0

[Event "ch-RUS Boys U20"]
[Site "Vladimir RUS"]
[Date "2002.03.03"]
[Round "3"]
[White "Kosintseva,N"]
[Black "Kurnosov,I"]
[Result "0-1"]
[WhiteElo "2340"]
[BlackElo "2419"]

1.e4 c5 2.Nf3 Nc6 3.d4 cxd4 4.Nxd4 Qb6 5.Nb3 Nf6 6.Bd3 d5 7.exd5 Nxd5 8.O-O e6
9.c4 Nf6 10.Nc3 Be7 11.c5 Qc7 12.Nb5 Qb8 13.Bg5 O-O 14.Qe2 Qe5 15.Qxe5 Nxe5
16.Be2 Bd7 17.Rac1 Rfd8 18.Rfd1 Bxb5 19.Bxb5 Kf8 20.Rxd8+ Bxd8 21.Kf1 Bc7
22.Bd2 Nd5 23.Ke2 a6 24.Ba4 b5 25.cxb6 Bxb6 26.f4 Ng4 27.Kf3 f5 28.Re1 e5
29.fxe5 Nxh2+ 30.Ke2 Ng4 31.Kd3 Rd8  0-1

[Event "Mediteran Cup WGM"]
[Site "Rijeka CRO"]
[Date "2002.03.12"]
[Round "5"]
[White "Jelica,M"]
[Black "Lakos,N"]
[Result "1/2-1/2"]
[WhiteElo "2204"]
[BlackElo "2306"]

1.e4 c5 2.Nf3 Nc6 3.d4 cxd4 4.Nxd4 Qc7 5.c4 Qe5 6.Nxc6 Qxe4+ 7.Be3 Qxc6 8.Nc3 e6
9.Qg4 Nf6 10.Qg3 a6 11.Bd3 h5 12.Bg5 Bd6 13.f4 Be7 14.O-O-O Qc7 15.Rhe1 h4
16.Qf3 Qc6 17.Qe2 h3 18.g3 Qg2 19.Bxf6 Qxe2 20.Bxe2 Bxf6 21.Ne4 Be7 22.Nd6+ Bxd6
23.Rxd6 b5 24.cxb5 axb5 25.Kb1 Rb8 26.Red1 b4 27.b3 Ke7 28.Kb2 Rd8 29.Bf1 Bb7
30.R6d2 d5 31.Bxh3 Rdc8 32.Bf1 Ba8 33.Ba6 Rc6 34.Bd3 Rc5 35.Re1 Kd6 36.Ra1 f6
37.a3  1/2-1/2

[Event "Mediteran Cup WGM"]
[Site "Rijeka CRO"]
[Date "2002.03.16"]
[Round "9"]
[White "Kaps,D"]
[Black "Lakos,N"]
[Result "1/2-1/2"]
[WhiteElo "2243"]
[BlackElo "2306"]

1.e4 c5 2.Nf3 Nc6 3.d4 cxd4 4.Nxd4 Qc7 5.Nc3 e6 6.g3 a6 7.a4 Nf6 8.Bg2 Bb4
9.O-O O-O 10.Kh1 Bxc3 11.bxc3 d5 12.Nxc6 bxc6 13.exd5 cxd5 14.Ba3 Re8 15.Qd4 e5
16.Qc5 Qxc5 17.Bxc5 Bf5 18.Ra2 Rac8 19.Bb4 Rc4 20.Rd1 Rec8 21.Kg1 Be6 22.Bd6 e4
23.Be5 Nd7 24.Bd4 Rb8  1/2-1/2

[Event "13th Goodricke"]
[Site "Calcutta IND"]
[Date "2002.03.17"]
[Round "1"]
[White "Satyapragyan,S"]
[Black "Yegiazarian,A"]
[Result "0-1"]
[WhiteElo "2354"]
[BlackElo "2567"]

1.e4 c5 2.Nf3 Nc6 3.d4 cxd4 4.Nxd4 Qc7 5.Nc3 e6 6.Be2 a6 7.O-O Nf6 8.Be3 Be7
9.f4 d6 10.Kh1 O-O 11.Qe1 Nxd4 12.Bxd4 b5 13.a3 Bb7 14.Qg3 Bc6 15.Rae1 Qb7
16.Bd3 Rae8 17.Qh3 g6 18.f5 Bd7 19.Be3 exf5 20.exf5 Bd8 21.Bh6 Rxe1 22.Rxe1 Re8
23.Rxe8+ Nxe8 24.Qg3 Bc6 25.Bf1 Bf6 26.Bg5 Qe7 27.Bxf6 Nxf6 28.fxg6 hxg6
29.h3 Kg7 30.Be2 Qe5 31.Qxe5 dxe5 32.Kg1 Ne8 33.Nd1 Nd6 34.Ne3 f5 35.c4 Kf6
36.cxb5 axb5 37.Nd1 e4 38.Kf2 f4 39.Nc3 Ke5 40.Bf1 g5 41.Be2 e3+ 42.Kg1 Kd4
43.Kf1 Nc4 44.Nd1 Nd2+ 45.Kg1 Ne4 46.Bf1 Ng3 47.Nc3 Nxf1 48.Kxf1 Kd3 49.Ne2 Kd2  0-1

[Event "13th Goodricke"]
[Site "Calcutta IND"]
[Date "2002.03.20"]
[Round "4"]
[White "Konguvel,P"]
[Black "Sherbakov,R"]
[Result "0-1"]
[WhiteElo "2404"]
[BlackElo "2539"]

1.e4 c5 2.Nf3 Nc6 3.d4 cxd4 4.Nxd4 Qb6 5.Nb3 Nf6 6.Nc3 e6 7.Qe2 Bb4 8.Bd2 O-O
9.a3 Be7 10.O-O-O d5 11.Be3 Qc7 12.exd5 Nxd5 13.Nxd5 exd5 14.g4 Ne5 15.h3 Nc4
16.Bd4 Be6 17.Bg2 Rfc8 18.Rhe1 Bf8 19.Bc3 Nxa3 20.Bxd5 Bxd5 21.Rxd5 b5 22.Qe5 Qxe5
23.Rdxe5 a6 24.R1e2 Nc4 25.Rd5 b4 26.Bd4 a5 27.Nd2 a4 28.Nxc4 Rxc4 29.Kb1 a3
30.bxa3 bxa3 31.Ka2 g6 32.c3 Rb8 33.Ra5 Rbc8 34.f4 Bg7 35.Rxa3 Bxd4 36.cxd4 Rxd4
37.Rf2 Rb8 38.f5 g5 39.Rb2 Rxb2+ 40.Kxb2 Kg7 41.Kc3 Rf4 42.Kd2 h5 43.Rg3 Kf6
44.Ke3 h4 45.Rg1 Ra4 46.Rd1 Ke5 47.Rd3 Ra2 48.Rd7 Rh2 49.Rxf7 Rxh3+ 50.Kf2 Kf4
51.Ra7 Kxg4 52.Ra4+ Kxf5 53.Ra5+ Kg4 54.Ra4+ Kh5 55.Ra5 Rb3 56.Kg2 h3+ 57.Kh2 Kh4
58.Ra8 Rb2+ 59.Kh1 Rb1+ 60.Kh2 Rb2+ 61.Kh1 g4 62.Ra4 Re2 63.Rb4 Kg3 64.Rb3+ Kf4
65.Ra3 g3 66.Ra1 Re4 67.Rf1+ Kg4 68.Rg1 Rc4 69.Rb1 h2  0-1

[Event "13th Goodricke"]
[Site "Calcutta IND"]
[Date "2002.03.22"]
[Round "6"]
[White "Kunte,A"]
[Black "Sherbakov,R"]
[Result "1/2-1/2"]
[WhiteElo "2479"]
[BlackElo "2539"]

1.e4 c5 2.Nf3 Nc6 3.d4 cxd4 4.Nxd4 Qb6 5.Nb3 Nf6 6.Nc3 e6 7.Bd3 a6 8.O-O Qc7
9.f4 d6 10.Qf3 Be7 11.Kh1 Nb4 12.Be3 O-O 13.Rac1 b5 14.a3  1/2-1/2

[Event "13th Goodricke"]
[Site "Calcutta IND"]
[Date "2002.03.24"]
[Round "8"]
[White "Goloshchapov,A"]
[Black "Fominyh,A"]
[Result "1/2-1/2"]
[WhiteElo "2545"]
[BlackElo "2536"]

1.e4 c5 2.Nf3 Nc6 3.d4 cxd4 4.Nxd4 Qc7 5.Nc3 e6 6.Be3 a6 7.Qd2 Nf6 8.O-O-O Bb4
9.f3 Ne7 10.a3 Bxc3 11.Qxc3 Qxc3 12.bxc3 d5 13.e5 Nd7 14.f4 b6 15.Bd3 Nc5
16.Kd2 Kd7 17.Rb1 Kc7 18.Rb4 Bd7 19.Rhb1 Rab8 20.Nf3 Nc6 21.Bxc5 bxc5 22.Rxb8 Nxb8
23.c4 h6 24.c3 Bc6 25.Ke3 dxc4 26.Bxc4 Nd7 27.Bd3 Nb6 28.c4 Rd8 29.Nd2 f5
30.exf6 gxf6 31.g4 Rg8 32.Rg1 Nd7 33.h4 Kd6 34.Be4 Bxe4 35.Nxe4+ Ke7 36.g5 fxg5
37.fxg5 Ne5 38.Nd2 h5 39.Rb1 Rd8 40.Rb7+ Kf8 41.Rb6 Rd4 42.Rxe6 Nxc4+ 43.Nxc4 Rxc4
44.Re4 Rc3+ 45.Kf4 Kf7 46.Ra4 Rh3 47.Kf5 Rf3+ 48.Ke5 Rh3 49.Kf5 Rf3+ 50.Ke5 Rh3
51.Rf4+ Kg7 52.a4 Rb3 53.Kd5 a5 54.Kxc5 Rb1 55.Kd5 Rd1+ 56.Rd4 Rc1 57.Re4 Rd1+
58.Ke5 Kg6 59.Rf4 Kg7 60.Rd4 Re1+ 61.Kd6 Kf7 62.Rc4 Rd1+ 63.Kc5 Rb1 64.Rf4+ Kg7
65.Kd6 Rd1+ 66.Kc6 Rb1 67.Kd5 Rd1+ 68.Ke4 Rb1 69.Kf5 Rc1 70.Re4 Rf1+ 71.Ke6 Rd1
72.Re5 Rd4 73.Kf5 Rxa4 74.Re7+ Kf8 75.Ra7 Rxh4 76.Kg6  1/2-1/2

[Event "Suetin Mem"]
[Site "Tula RUS"]
[Date "2002.03.24"]
[Round "2"]
[White "Alekseev,E"]
[Black "Arzumanian,G"]
[Result "0-1"]
[WhiteElo "2552"]
[BlackElo "2424"]

1.e4 c5 2.Nf3 Nc6 3.d4 cxd4 4.Nxd4 Qb6 5.Nb3 Nf6 6.Nc3 e6 7.Bd3 a6 8.O-O Be7
9.Be3 Qc7 10.f4 d6 11.Qf3 O-O 12.a3 b5 13.Kh1 Bb7 14.Nd4 Nd7 15.Qh3 Nxd4
16.Bxd4 e5 17.Be3 exf4 18.Bxf4 Ne5 19.Rae1 Qd8 20.Nd5 Bh4 21.Re2 Ng6 22.g3 Bf6
23.b3 Be5 24.Qh5 Qa5 25.Bc1 Rae8 26.b4 Qd8 27.c4 Bd4 28.Bf4 Qd7 29.Rd1 Kh8
30.Bc2 Be5 31.cxb5 axb5 32.Be3 Bc6 33.Bb3 f5 34.Bc1 fxe4 35.Rxe4 Qf7 36.Qe2 Qf5
37.Kg2 Bxg3 38.Rxe8 Rxe8 39.Qf1 Bf4 40.Qf2 Qg5+ 41.Kh1 Bxc1  0-1

[Event "13th Goodricke"]
[Site "Calcutta IND"]
[Date "2002.03.26"]
[Round "10"]
[White "Kotsur,P"]
[Black "Fominyh,A"]
[Result "1/2-1/2"]
[WhiteElo "2578"]
[BlackElo "2536"]

1.e4 c5 2.Nf3 Nc6 3.d4 cxd4 4.Nxd4 Qb6 5.Nb3 Nf6 6.Nc3 e6 7.Bd3 Be7 8.f4 d5
9.Qe2 dxe4 10.Nxe4 O-O 11.c3 Qc7 12.Bd2 a5 13.a4 b6 14.O-O Nxe4 15.Qxe4 g6
16.Qe2 Bb7 17.Be3 Rab8 18.Qf2 Ba8 19.Rad1 Bf6 20.Bb5 Rfd8 21.Rxd8+ Qxd8 22.Qe2 Ne7
23.Rd1 Qc8 24.Bd4 Bxd4+ 25.Nxd4 Qc5 26.Kh1 Rd8 27.h3 Qc7 28.Rf1 Nd5 29.Qf2 Nf6
30.Qe3 Nd5 31.Qg3 Ne7 32.Qf2 Nf5 33.Nxf5 exf5 34.Qe3 Be4 35.Kh2 h5 36.h4 Qd6
37.Rf2 Kg7 38.Kg3 Kg8 39.Kh2 Qf6 40.Kg3 Rd1 41.Rf1 Rd6 42.Rf2 Qd8 43.Re2 Kh7
44.Qf2 Kg7  1/2-1/2

[Event "6th Neckar Open"]
[Site "Deizisau GER"]
[Date "2002.03.30"]
[Round "4"]
[White "Vuckovic,A"]
[Black "Sax,G"]
[Result "0-1"]
[WhiteElo "2338"]
[BlackElo "2584"]

1.e4 c5 2.Nf3 Nc6 3.d4 cxd4 4.Nxd4 Qb6 5.Nb3 Nf6 6.Nc3 e6 7.Be3 Qc7 8.a3 a6
9.f4 d6 10.g4 h6 11.Bg2 b5 12.Qf3 Bb7 13.O-O Rb8 14.Qh3 h5 15.Bf3 hxg4 16.Qxh8 gxf3
17.e5 dxe5 18.Rad1 Ne7 19.Nc5 Ng6 20.Nxe6 fxe6 21.Qh3 Nxf4 22.Bxf4 Bc5+ 23.Rf2 Bxf2+
24.Kxf2 exf4 25.Qxe6+ Kf8  0-1

[Event "6th Neckar Open"]
[Site "Deizisau GER"]
[Date "2002.03.31"]
[Round "6"]
[White "Maier,C"]
[Black "Bezold,M"]
[Result "0-1"]
[WhiteElo "2354"]
[BlackElo "2495"]

1.e4 c5 2.Nf3 Nc6 3.d4 cxd4 4.Nxd4 Qc7 5.c4 Nf6 6.Nc3 Nxe4 7.Nxe4 Qe5 8.Nb5 Qxe4+
9.Qe2 Qxe2+ 10.Bxe2 Rb8 11.Be3 b6 12.O-O-O d6 13.Rhe1 Bd7 14.f4 g6 15.Bf3 Kd8
16.g3 Na5 17.Bd4 Rg8 18.Nxa7 Bg7 19.Bxg7 Rxg7 20.b3 g5 21.fxg5 Rxg5 22.Rd4 Nb7
23.Nc6+ Bxc6 24.Bxc6 Nc5 25.Rf1 Rc8 26.Bg2 Ke8 27.Kb1 Rh5 28.h4 Re5 29.Rf2 Re3
30.g4 h6 31.Rfd2 Kd7 32.Bd5 e5 33.Be6+ Nxe6 34.Rxd6+ Ke7 35.Rxb6 Re4 36.a4 Rxg4
37.a5 Rd4 38.Rxd4 exd4 39.a6 Nc5 40.a7 Ra8 41.b4 Ne4 42.Rb7+ Ke6 43.b5 d3
44.Rb6+ Ke5 45.Ra6 Nd2+ 46.Kc1 Nxc4  0-1

[Event "New White Plus GM open"]
[Site "Dhaka BAN"]
[Date "2002.03.31"]
[Round "2"]
[White "Hasan,M"]
[Black "Fominyh,A"]
[Result "0-1"]
[WhiteElo "2187"]
[BlackElo "2536"]

1.e4 c5 2.Nf3 Nc6 3.d4 cxd4 4.Nxd4 Qc7 5.Nc3 e6 6.Be2 a6 7.O-O Bc5 8.Be3 Nce7
9.Qd3 Nf6 10.Nb3 Bxe3 11.Qxe3 b5 12.Rad1 Bb7 13.Bxb5 axb5 14.Nxb5 Qb8 15.Nd6+ Kf8
16.e5 Ne8 17.Nxf7 Kxf7 18.Rxd7 Bc6 19.Qf4+ Nf6 20.Rd6 Ng6 21.Qg3 Nxe5 22.Qxe5 Bd5
23.Re1 Re8 24.Nd2 Qb4 25.Nf3 Bxf3 26.gxf3 Ra5 27.Re4 Nxe4 28.Rd7+ Re7 29.Rxe7+ Kxe7
30.Qxg7+ Ke8 31.Qg8+ Kd7 32.Qxh7+ Kd6 33.Qxe4  0-1

[Event "SVK-Cup"]
[Site "Trencianske Teplice SVK"]
[Date "2002.03.31"]
[Round "3"]
[White "Biolek,R"]
[Black "Oral,T"]
[Result "1/2-1/2"]
[WhiteElo "2422"]
[BlackElo "2542"]

1.e4 c5 2.Nf3 Nc6 3.d4 cxd4 4.Nxd4 Qc7 5.Nc3 e6 6.g3 a6 7.Bg2 Nf6 8.O-O Nxd4
9.Qxd4 Bc5 10.Bf4 d6 11.Qd2 h6 12.Rad1 e5 13.Be3 Be6 14.Bxc5 dxc5 15.Nd5 Bxd5
16.exd5 Qd6 17.f4 O-O 18.fxe5 Qxe5 19.c3 Qd6 20.a4 Rfe8 21.Rfe1 Rxe1+ 22.Rxe1 Re8
23.a5 Rxe1+ 24.Qxe1 Kf8 25.Qe3 Ne8 26.Kf2 Qc7 27.b4 cxb4 28.cxb4 Nd6 29.Qd4 Kg8
30.Be4 g6 31.Bd3 h5 32.Ke2 Qd7 33.Kd2 Qe7 34.Kc2 Kh7 35.Qf4 f6 36.Kc3 Kg7
37.h4 Qe1+ 38.Kb3 Qd1+ 39.Kb2 Nf7 40.Qe4 Qd2+ 41.Kb3 Ne5 42.d6 Nxd3 43.Qe7+ Kh6
44.Qf8+  1/2-1/2

[Event "New White Plus GM open"]
[Site "Dhaka BAN"]
[Date "2002.04.02"]
[Round "4"]
[White "Rahman,SM"]
[Black "Hamid,R"]
[Result "0-1"]
[WhiteElo "2267"]
[BlackElo "2116"]

1.e4 c5 2.Nf3 Nc6 3.d4 cxd4 4.Nxd4 Qc7 5.Nc3 e6 6.Be2 Nf6 7.Be3 a6 8.O-O Be7
9.f4 d6 10.a4 O-O 11.Nb3 b6 12.g4 Nd7 13.Bd3 Na5 14.Nxa5 bxa5 15.g5 Rb8 16.Rb1 Bb7
17.Qh5 Rfe8 18.Bd4 Bf8 19.Rf3 e5 20.fxe5 Nxe5 21.Rh3 h6 22.gxh6 g6 23.Qg5 Kh7
24.Rf1 Qd7 25.Rg3 Bxh6 26.Qh4 Qe7 27.Qh3 Bc8 28.Qg2 Be6 29.Bxa6 Rb4 30.Qf2 Bg7
31.Be3 Rxb2 32.Nd5 Bxd5 33.exd5 Ra8 34.Bb5 Rc8 35.Bc6 Kg8 36.Bd4 Rc7 37.Bxe5 Bxe5
38.Rb3 Kg7  0-1

[Event "Asian Youth GU16"]
[Site "Tehran IRI"]
[Date "2002.04.02"]
[Round "8"]
[White "Karavade,E"]
[Black "Paridar,S"]
[Result "1/2-1/2"]
[WhiteElo "2160"]
[BlackElo "2112"]

1.e4 c5 2.Nf3 Nc6 3.d4 cxd4 4.Nxd4 Qc7 5.Nc3 e6 6.Be2 a6 7.O-O Nf6 8.Be3 Bb4
9.Na4 Be7 10.Nxc6 bxc6 11.Nb6 Rb8 12.Nxc8 Qxc8 13.Bd4 Nxe4 14.Bxg7 Rg8 15.Bh6 Rxb2
16.Qd3 d5 17.Rfb1 Qb8 18.c4 Nc3 19.Re1 Nxe2+ 20.Rxe2 Rxe2 21.Qxe2 Rg6 22.Be3 Qe5
23.Qd1 c5 24.Rb1  1/2-1/2

[Event "New White Plus GM open"]
[Site "Dhaka BAN"]
[Date "2002.04.07"]
[Round "9"]
[White "Hamid,R"]
[Black "Hasan,M"]
[Result "0-1"]
[WhiteElo "2116"]
[BlackElo "2187"]

1.e4 c5 2.Nf3 Nc6 3.d4 cxd4 4.Nxd4 Qc7 5.Nc3 e6 6.Be2 a6 7.O-O Nf6 8.Be3 Be7
9.Kh1 O-O 10.f4 d6 11.Qe1 Nxd4 12.Bxd4 b5 13.e5 dxe5 14.fxe5 Nd7 15.Bf3 Rb8
16.Qg3 f5 17.exf6 Qxg3 18.hxg3 Bxf6 19.Ba7 b4 20.Bxb8 Nxb8 21.Ne4 Bxb2 22.Rab1 Ba3
23.Bg4 Nc6 24.Ng5 Nd4 25.Rxf8+ Kxf8 26.Rd1 Bb2 27.Nxh7+ Ke7 28.Ng5 Bb7 29.Rf1 Bd5
30.Rf7+ Kd6 31.Ra7 Bc4 32.Nf7+ Kd5 33.Rd7+ Kc5 34.Rc7+ Kd5 35.Rd7+ Kc5 36.Ne5 Bb5
37.Nd3+ Bxd3 38.cxd3 Nf5 39.Kh2 a5 40.Kh3 a4 41.Bd1 a3 42.g4 Nd4 43.Rb7 Bc3
44.Kh4 Kc6 45.Rb8 Kc7 46.Ra8 Kb7 47.Ra4 e5 48.Kh5 Ne6 49.Bf3+ Kb6 50.Bd5 Nf4+
51.Kg5 Ne2 52.Ra8 Kc5 53.Bb3 Kd4 54.Ra7 Nc1 55.Rd7+ Ke3 56.Bc4 Kd2 57.Kf5 Bd4
58.Rd8  0-1

[Event "III Open"]
[Site "Dos Hermanas ESP"]
[Date "2002.04.08"]
[Round "4"]
[White "Meana Fernandez Palacios,M"]
[Black "Pogorelov,R"]
[Result "0-1"]
[WhiteElo "2084"]
[BlackElo "2460"]

1.e4 c5 2.Nf3 Nc6 3.d4 cxd4 4.Nxd4 Qc7 5.c4 Nf6 6.f3 e6 7.Nc3 a6 8.Nxc6 bxc6
9.Be3 Rb8 10.Qd2 d5 11.Rc1 dxe4 12.fxe4 Bd6 13.h3 c5 14.g4 Bg3+ 15.Kd1 O-O
16.Qg2 Be5 17.g5 Rd8+ 18.Kc2 Bxc3 19.b3 Qa5 20.Kb1 Rxb3+  0-1

[Event "FSGMA April"]
[Site "Budapest HUN"]
[Date "2002.04.09"]
[Round "8"]
[White "Antal,Ge"]
[Black "Fogarasi,T"]
[Result "1-0"]
[WhiteElo "2457"]
[BlackElo "2445"]

1.e4 c5 2.Nf3 Nc6 3.d4 cxd4 4.Nxd4 Qc7 5.Nc3 e6 6.Be3 a6 7.Bd3 Nf6 8.O-O Ne5
9.Nf3 Nfg4 10.Nxe5 Nxe3 11.Qh5 g6 12.Qf3 Qxe5 13.fxe3 f6 14.Qxf6 Qxf6 15.Rxf6 Bg7
16.Rf3 b5 17.a4 b4 18.Ne2 Bxb2 19.Rb1 Be5 20.Rxb4 Rb8 21.Rb3 Ke7 22.Rf1 Rxb3
23.cxb3 Bb7 24.Rc1 Bb8 25.Nd4 Rc8 26.Rxc8 Bxc8 27.b4 Bd6 28.b5 a5 29.Be2 Bb7
30.Bf3 e5 31.Nb3 Bb4 32.Kf2 d6 33.Ke2 Bc8 34.Kd3 Be6 35.Nd2 Kd7 36.Bd1 Kc7
37.Bb3 Bxd2 38.Bxe6 Bc1 39.h4 h6 40.g4 Ba3 41.Bf7 g5 42.h5 Bc5 43.Kc4 Bxe3
44.Kd5 Bc5 45.Ke6 Kd8 46.Kf6  1-0